000 00791nam a2200241Ia 4500
005 20251020182611.0
008 200515s9999 xx 000 0 und d
082 _aSC/666.947/M36
100 _aMEDINA ABANTO, Juan Alberto
245 0 _aInforme técnico
260 _aLima
260 _c1998
300 _a46
520 _aLos temas tratados son algunos de los ensayos que se llevan a cabo en el transcurso de la enseñanza en la carrera Técnica en Mecánica de Suelo, Concreto y Asfalto. Los ensayos descritos se han trabajado en forma teórica práctica, conjuntamente con las nor
650 _aAGREGADOS
650 _aCONCRETO
650 _aGRANULOMETRIA
650 _aLABORATORIO DE SUELOS
650 _aLIB
650 _aM-SENC
650 _aPUB SENCICO
942 _cLIB
999 _c3358
_d3358